| 000 | 01030nam a2200217Ia 4500 | ||
|---|---|---|---|
| 003 | Ost | ||
| 005 | 20260507075353.0 | ||
| 008 | 260507s9999||||xx |||||||||||||| ||und|| | ||
| 040 | _cfsecg | ||
| 041 | _aara | ||
| 082 | _a330 | ||
| 100 |
_aحسن، صلاح _eمؤلف |
||
| 245 | 0 |
_aالبنوك ومخاطر الأسواق المالية العالمية / _c صلاح حسن |
|
| 260 |
_aالقاهرة: _bدار الكتاب الحديث, _c2011 |
||
| 300 |
_a361 صفحة؛ _bغلاف ملون ومصور _c24 سم |
||
| 520 | _aالبنوك والتنمية الإقتصادية والإجتماعية- الحسابات المصرفية- الخدمات المصرفية الحديثة وتسويقها- القطاع المصرفي المصري- الرقابة على البنوك وتقييم أدائها- البنوك الشاملة..والتوجه العالمي المعاصر | ||
| 653 | _aالأسواق المالية | ||
| 653 | _aالبنوك | ||
| 653 | _aالبنوك العالمية | ||
| 942 | _cكتاب | ||
| 999 |
_c44169 _d44169 |
||